banner-ar

وفيات الاعيان وانباء ابناء الزمان / (Record no. 66764)

MARC details
000 -الفاتح
حقل البيانات ثابتة الطول 01123nam a2200253Ia 4500
005 - وقت وتاريخ اخر تعامل مع التسجيلة
رقم الضبط 20240530110937.0
008 - عناصر البيانات ثابتة الطول - معلومات عامة
حقل البيانات ثابتة الطول 140319s xx 000 0 ara d
017 ## - رقم الايداع القانونى
المصدر ( الهيئة المختصة) مصر. دار الكتب
040 ## - مصدر الفهرسة
وكالة الفهرسة الأصلية GCL /
وكالة النسخ GCL
082 04 - رقم تصنيف ديوى العشرى
رقم التصنيف 920.71 /
رقم المادة خ و
رقم الطبعة 21
100 1# - المدخل الرئيسى - إسم شخصى
الإسم الشخصى أبى العباس شمس الدين أحمد بن محمد بن إبراهيم بن أبي بكر ابن خلكان
245 10 - بيان العنوان
العنوان وفيات الاعيان وانباء ابناء الزمان /
بيان المسئوليه,etc تاليف أبى العباس شمس الدين أحمد بن محمد بن إبراهيم بن أبي بكر ابن خلكان ؛ محقق احسان عباس
رقم الجزء/قسم العمل 8 مجلدات
260 ## - PUBLICATION, DISTRIBUTION, ETC. (IMPRINT)
تاريخ النشر أو التوزيع د. ت
300 ## - الوصف المادى
التعداد متعدد ؛
أبعاد الوعاء 24 سم
500 ## - تبصرة عامة
تبصرة عامة يوجد 8 مجلدات من 1- 8
650 04 - المدخل الاضافى بالموضوع-مصطلح موضوعى
مصطلح موضوعي التاريخ
مصدر الرأس أو المصطلح qrmak
650 04 - المدخل الاضافى بالموضوع-مصطلح موضوعى
مصطلح موضوعي التراجم
مصدر الرأس أو المصطلح qrmak
650 04 - المدخل الاضافى بالموضوع-مصطلح موضوعى
مصطلح موضوعي الاعيان
مصدر الرأس أو المصطلح qrmak
650 04 - المدخل الاضافى بالموضوع-مصطلح موضوعى
مصطلح موضوعي الشخصيات
مصدر الرأس أو المصطلح qrmak
651 ## - المدخل الاضافى بالموضوع - اسم جغرافى
مصدر الرأس أو المصطلح qrmak
700 1# - المدخل الاضافى - اسم شخصى
الإسم الشخصى احسان عباس
الدور محقق
942 ## - عناصر المدخل الإضافي( كوها)
مصدر التصنيف او مخطط الترفيف Dewey Decimal Classification
Koha [default] item type كتاب
260 ## - PUBLICATION, DISTRIBUTION, ETC. (IMPRINT)
-- بيروت :
-- دار الثقافة للنشر والتوزيع ،
Holdings
حالة التراجع حالة الفقد حالة تلف ليس للاعارة المكان المؤقت الموقع الحالى موقع الترفيف تاريخ الاكتساب اجمالي اﻻعارات رقم الطلب الباركود تاريخ اخر مشاهدة تاريخ تفعيل السعر نوع وعاء كوها
        مكتبة القاهرة الكبرى مكتبة القاهرة الكبرى ق الرئيسية_التاريخ والجغرافيا_ك عربى 10/20/2022   920.71 / خ و 168626 10/20/2022 10/20/2022 كتاب
        مكتبة القاهرة الكبرى مكتبة القاهرة الكبرى ق الرئيسية_التاريخ والجغرافيا_ك عربى 10/20/2022   920.71 / خ و 168627 10/20/2022 10/20/2022 كتاب
        مكتبة القاهرة الكبرى مكتبة القاهرة الكبرى ق الرئيسية_التاريخ والجغرافيا_ك عربى 10/20/2022   920.71 / خ و 168628 10/20/2022 10/20/2022 كتاب
        مكتبة القاهرة الكبرى مكتبة القاهرة الكبرى ق الرئيسية_التاريخ والجغرافيا_ك عربى 10/20/2022   920.71 / خ و 168629 10/20/2022 10/20/2022 كتاب
        مكتبة القاهرة الكبرى مكتبة القاهرة الكبرى ق الرئيسية_التاريخ والجغرافيا_ك عربى 10/20/2022   920.71 / خ و 168630 10/20/2022 10/20/2022 كتاب
        مكتبة القاهرة الكبرى مكتبة القاهرة الكبرى ق الرئيسية_التاريخ والجغرافيا_ك عربى 10/20/2022   920.71 / خ و 168631 10/20/2022 10/20/2022 كتاب
        مكتبة القاهرة الكبرى مكتبة القاهرة الكبرى ق الرئيسية_التاريخ والجغرافيا_ك عربى 10/20/2022   920.71 / خ و 168632 10/20/2022 10/20/2022 كتاب
        مكتبة القاهرة الكبرى مكتبة القاهرة الكبرى ق الرئيسية_التاريخ والجغرافيا_ك عربى 10/20/2022   920.71 / خ و 168633 10/20/2022 10/20/2022 كتاب

Powered By

EGPV